NEW DESK STANDARD DICTIONARY /

Guardado en:
Detalles Bibliográficos
Formato: Libro
Temas:
Etiquetas: Agrega una etiqueta
Sin etiquetas, Sé el primero en etiquetar este registro!

MARC

LEADER 00000nam^a2200000^a^4500
001 000245465
005 20250521000000.0
009 20260310105500.234
035 |a 001747 
037 |a Acervo Xavier Clavigero 
082 |a 423. NEW 
245 1 0 |a NEW DESK STANDARD DICTIONARY /  |c ED. FUNK & WAGNALLS 
264 |a NEW YORK :  |b FUNK & WAGNALLS,  |c 1948 
300 |a 943 p. 
336 |a texto  |b txt  |2 rdacontenido 
337 |a sin mediación  |b n  |2 rdamedio 
338 |a volumen  |b nc  |2 rdasoporte 
649 |a XX 
650 |a Inglés -  |x Enciclopedias y Diccionarios -  |x Tema Principal 
910 |a Fondo General 
920 |a Impresos - Libros 
930 |a Obras de Referencia 
905 |a 102 
901 |a 001747  |b IT2  |c REF  |i 001747  |u 20250521 
902 |a https://opac.biblio.iteso.mx/vufind/Record/000245465